Наставление гидрометеорологическим станциям и постам. Вып. 6. Ч. 1: Гидрологические наблюдения и работы на реках (Запись № 7782624)

Подробности
000 -МАРКЕР
контрольное поле 01656nam2a22003131 4500
001 - ИДЕНТИФИКАТОР ЗАПИСИ
контрольное поле rc\4122223
005 - ИДЕНТИФИКАТОР ВЕРСИИ
контрольное поле 20260113123017.0
021 ## - НОМЕР ГОСУДАРСТВЕННОЙ РЕГИСТРАЦИИ
Код страны Российская Федерация
Номер [58-2197]
035 ## - ДРУГИЕ СИСТЕМНЫЕ НОМЕРА
Идентификатор записи (NLR Aleph) 008152864
100 ## - ДАННЫЕ ОБЩЕЙ ОБРАБОТКИ
Данные общей обработки 20130415d1957 u y0rusy50 ca
101 0# - ЯЗЫК РЕСУРСА
Язык текста, звукозаписи и т.д. русский
102 ## - СТРАНА ПУБЛИКАЦИИ ИЛИ ПРОИЗВОДСТВА
Страна публикации Российская Федерация
105 ## - ПОЛЕ КОДИРОВАННЫХ ДАННЫХ: ТЕКСТОВЫЕ МАТЕРИАЛЫ, МОНОГРАФИЧЕСКИЕ
Кодированные данные о монографическом текстовом документе a z |||||
200 1# - ЗАГЛАВИЕ И СВЕДЕНИЯ ОБ ОТВЕТСТВЕННОСТИ
Основное заглавие Гидрологические наблюдения и работы на реках
Первые сведения об ответственности Сост.: Н.М. Андреева, А.М. Гаврилов, С.И. Коплан-Дикс и др.]
205 ## - СВЕДЕНИЯ ОБ ИЗДАНИИ
Сведения об издании [2-е изд.
210 ## - ПУБЛИКАЦИЯ, РАСПРОСТРАНЕНИЕ И ДР.
Дата издания, распространения и т.д. 1957
215 ## - ФИЗИЧЕСКАЯ ХАРАКТЕРИСТИКА
Специфическое обозначение материала и объем 400 с., 2 л. черт.
Другие сведения о физической характеристике ил.
461 #0 - УРОВЕНЬ НАБОРА
Встроенное поле 001rc\4122219
-- 2001#$aНаставление гидрометеорологическим станциям и постам$fГл. упр. гидрометеорол. службы при Совете Министров СССР$vВып. 6. Ч. 1
Системный номер (АБИС) связанной записи 7782617
Место публикации Ленинград
Дата публикации 1951-
Первые сведения об ответственности Гл. упр. гидрометеорол. службы при Совете Министров СССР
Имя издателя, распространителя и т.д. Гидрометеоиздат
Заглавие Наставление гидрометеорологическим станциям и постам
Номер тома Вып. 6. Ч. 1
606 ## - НАИМЕНОВАНИЕ ТЕМЫ КАК ПРЕДМЕТ
Наименование темы Гидрологические наблюдения, речные
Код системы psbo
702 #1 - ИМЯ ЛИЦА - ВТОРИЧНАЯ ОТВЕТСТВЕННОСТЬ
Код отношения Составитель
Графика поля Кириллица
Материалы, к которым относится поле rus
Начальный элемент ввода Гаврилов
Часть имени, кроме начального элемента ввода А. М.
Дополнения к именам, кроме дат гидролог
Расширение инициалов личного имени Александр Михайлович
Системный номер авторитетной/нормативной записи 226287
Идентификатор авторитетной/нормативной записи RU\NLR\AUTH\770226343
702 #1 - ИМЯ ЛИЦА - ВТОРИЧНАЯ ОТВЕТСТВЕННОСТЬ
Начальный элемент ввода Коплан-Дикс
Часть имени, кроме начального элемента ввода С.И.
Код отношения Составитель
702 #1 - ИМЯ ЛИЦА - ВТОРИЧНАЯ ОТВЕТСТВЕННОСТЬ
Начальный элемент ввода Андреева
Часть имени, кроме начального элемента ввода Н.М.
Код отношения Составитель
801 #0 - ИСТОЧНИК ЗАПИСИ
Страна Российская Федерация
Организация NLR
Правила каталогизации psbo
801 #1 - ИСТОЧНИК ЗАПИСИ
Страна Российская Федерация
Организация ELAR
Источник данных rusmarc
852 ## - МЕСТОНАХОЖДЕНИЕ И ШИФР ХРАНЕНИЯ
Идентификатор организации NLR
Шифр хранения (Call Number) Гн10 Г-6/72(6-1)
942 ## - ДОПОЛНИТЕЛЬНЫЕ ЭЛЕМЕНТЫ ЗАПИСИ (АБИС)
Тип экземпляра АБИС Книга
980 ## - КОЛЛЕКЦИЯ
Название коллекции Национальная библиография
Экземпляры
Тип экземпляра Дата поступления Библиотека постоянного хранения Библиотека текущего хранения Место хранения Шифр хранения Штрих-код Статус экземпляра
Книга 26.10.2013 РНБ (Садовая) РНБ (Садовая) Русский книжный фонд -Главное здание, Ленинский читальный зал Гн10 Г-6/72 8152864-10